Youth and popular culture in Africa : (Record no. 32045)

000 -LEADER
fixed length control field 02575cam a2200313 i 4500
001 - CONTROL NUMBER
control field 21844986
005 - DATE AND TIME OF LATEST TRANSACTION
control field 20240709125658.0
008 - FIXED-LENGTH DATA ELEMENTS--GENERAL INFORMATION
fixed length control field 201215s2021 nyua b 001 0 eng
010 ## - LIBRARY OF CONGRESS CONTROL NUMBER
LC control number 2020056203
020 ## - INTERNATIONAL STANDARD BOOK NUMBER
International Standard Book Number 9781648250248
040 ## - CATALOGING SOURCE
Original cataloging agency IEN/DLC
Language of cataloging eng
Description conventions rda
Transcribing agency DLC
Modifying agency DLC
042 ## - AUTHENTICATION CODE
Authentication code pcc
043 ## - GEOGRAPHIC AREA CODE
Geographic area code f------
050 00 - LIBRARY OF CONGRESS CALL NUMBER
Classification number HQ 799.2 .M352A359 2021
245 00 - TITLE STATEMENT
Title Youth and popular culture in Africa :
Remainder of title media, music, and politics /
Statement of responsibility, etc. edited by Paul Ugor.
260 ## - PUBLICATION, DISTRIBUTION, ETC. (IMPRINT)
Place of publication, distribution, etc. Rochester, NY:
Name of publisher, distributor, etc. University of Rochester Press,
Date of publication, distribution, etc. 2021
300 ## - PHYSICAL DESCRIPTION
Extent xi, 405 pages :
Other physical details illustrations ;
Dimensions 25 cm
490 1# - SERIES STATEMENT
Series statement Rochester studies in African history and the diaspora,
International Standard Serial Number 1092-5228 ;
Volume/sequential designation 92
504 ## - BIBLIOGRAPHY, ETC. NOTE
Bibliography, etc Includes bibliographical references and index.
520 ## - SUMMARY, ETC.
Summary, etc. "The edited collection focuses on the links between young people and African popular culture. It explores popular culture produced and consumed by young people in contemporary Africa. And by "culture," we mean all kinds of texts or representations-visual, oral, written, performative, fictional, social, and virtual-created by African youth, mostly about their lives and their immediate societies, and for themselves, but also consumed by the larger public, and shared locally and globally. We proceed from the premise that cultural texts not only function as "social facts" as Karin Barber argues, but that they double as "commentaries upon, and interpretations of, social facts. They are part of social reality, but they also take up an attitude to social reality" (2007, 04). So, the work focuses specifically on what African youth produce as popular culture, under what conditions or contexts they produce such work, how they produce those texts, why they produce them, the aesthetic dimensions of these texts as cultural artifacts, and why these textual practices matter as social facts, as interpretive acts, and as cultural symbols of the general cultural activism of young people in a rapidly changing world, a world where the global cultural economy is the prime terrain for the relentless struggles over the meanings that come to shape political-economic and social systems"--
650 #0 - SUBJECT ADDED ENTRY--TOPICAL TERM
Topical term or geographic name as entry element Mass media and youth
Geographic subdivision Africa.
650 #0 - SUBJECT ADDED ENTRY--TOPICAL TERM
Topical term or geographic name as entry element Youth
Geographic subdivision Africa
General subdivision Social conditions.
650 #0 - SUBJECT ADDED ENTRY--TOPICAL TERM
Topical term or geographic name as entry element Popular culture
Geographic subdivision Africa.
650 #0 - SUBJECT ADDED ENTRY--TOPICAL TERM
Topical term or geographic name as entry element Arts and youth
Geographic subdivision Africa.
700 1# - ADDED ENTRY--PERSONAL NAME
Personal name Ugor, Paul,
Relator term editor.
830 #0 - SERIES ADDED ENTRY--UNIFORM TITLE
Uniform title Rochester studies in African history and the diaspora ;
Volume number/sequential designation 92.
942 ## - ADDED ENTRY ELEMENTS (KOHA)
Source of classification or shelving scheme
Koha item type Hard Covered Materials
Classification part HQ 799.2 .M352A359 2021
Holdings
Withdrawn status Lost status Source of classification or shelving scheme Damaged status Not for loan Home library Current library Shelving location Date acquired Source of acquisition Total Checkouts Full call number Barcode Date last seen Date last checked out Cost, replacement price Price effective from Koha item type
          MACHAKOS UNIVERSITY LIBRARY MACHAKOS UNIVERSITY LIBRARY Open shelf 14/06/2024 Turaco Books Limited 2 HQ 799.2 .M352A359 2021 39966 02/04/2026 09/03/2026 19440.00 09/07/2024 Hard Covered Materials
          MACHAKOS UNIVERSITY LIBRARY MACHAKOS UNIVERSITY LIBRARY Open shelf 14/06/2024 Turaco Books Limited   HQ 799.2 .M352A359 2021 39967 09/07/2024   19440.00 09/07/2024 Hard Covered Materials
          MACHAKOS UNIVERSITY LIBRARY MACHAKOS UNIVERSITY LIBRARY Open shelf 14/06/2024 Turaco Books Limited   HQ 799.2 .M352A359 2021 39968 09/07/2024   19440.00 09/07/2024 Hard Covered Materials
© Machakos University Library, Along The Highway, Machakos Wote Rd, Machakos, Kenya P.O. Box 136 - 90100 Machakos - Kenya

Tel: ( +254 ) 723 805829 OR Fax : 044-20353 OR Email: library@mksu.ac.ke